| 000 | 00385nam a22001697a 4500 | ||
|---|---|---|---|
| 003 | OSt | ||
| 005 | 20260430111801.0 | ||
| 008 | 260430b |||||||| |||| 00| 0 eng d | ||
| 020 | _a9789376561384 | ||
| 082 | _a954.92 STD | ||
| 100 | _aSYED,MH | ||
| 245 | _aDr. Rajendra Prasad | ||
| 250 | _a1st Ed | ||
| 260 |
_aNagpur _bHimalaya Books _c2026 |
||
| 300 | _a356p. | ||
| 942 |
_2ddc _cREF |
||
| 999 |
_c13928 _d13928 |
||